skbl

Dr Suryya Kumar Bhuyan Library Web-OPAC
ডঃ সূৰ্য্য
কুমাৰ ভূঞা পুথিভঁৰাল ৱেব-অ'পেক

All Research Scholars are advised to clear the annual library fees to continue using Library Resources, Remote Access, Plagiarism Test and Library Clearance.

Cotton University Book Fair 2026

Comparative Education / (Record no. 11947)

MARC details
000 -LEADER
fixed length control field 00948nam a2200313Ia 4500
001 - CONTROL NUMBER
control field 11960
005 - DATE AND TIME OF LATEST TRANSACTION
control field 20240113235335.0
007 - PHYSICAL DESCRIPTION FIXED FIELD--GENERAL INFORMATION
fixed length control field ta
008 - FIXED-LENGTH DATA ELEMENTS--GENERAL INFORMATION
fixed length control field 170314s1998 ii a g b000 u 465 u
020 ## - INTERNATIONAL STANDARD BOOK NUMBER
International Standard Book Number 81-7488-611-7
040 ## - CATALOGING SOURCE
Original cataloging agency Cotton College,Assam
041 ## - LANGUAGE CODE
Language code of text/sound track or separate title 465
082 ## - DEWEY DECIMAL CLASSIFICATION NUMBER
Classification number 370.195
Item number ka 16 Co
100 ## - MAIN ENTRY--PERSONAL NAME
Personal name Kaushik , Vijaya Kumari .
245 #0 - TITLE STATEMENT
Title Comparative Education /
Statement of responsibility, etc. Vijaya Kumari Kaushik & S.R.Sharma.
Medium Textual Documents
250 ## - EDITION STATEMENT
Edition statement 1st ed. /
260 ## - PUBLICATION, DISTRIBUTION, ETC.
Place of publication, distribution, etc. New Delhi :
Name of publisher, distributor, etc. Anmol Publications ,
Date of publication, distribution, etc. 1998.
300 ## - PHYSICAL DESCRIPTION
Extent 210p. :
Other physical details ill ;
Dimensions 22cm .
440 ## - SERIES STATEMENT/ADDED ENTRY--TITLE
Title Encyclopaedia of Educational Learning and Teaching Technology ,
490 ## - SERIES STATEMENT
Series statement Encyclopaedia of Educational Learning and Teaching Technology ,
653 ## - INDEX TERM--UNCONTROLLED
Uncontrolled term Education
653 ## - INDEX TERM--UNCONTROLLED
Uncontrolled term Comparative Education-India
653 ## - INDEX TERM--UNCONTROLLED
Uncontrolled term G-Education
700 ## - ADDED ENTRY--PERSONAL NAME
Personal name Sharma, S.R..
942 ## - ADDED ENTRY ELEMENTS (KOHA)
Source of classification or shelving scheme Dewey Decimal Classification
Koha item type Books
Holdings
Withdrawn status Lost status Damaged status Not for loan Home library Current library Date acquired Coded location qualifier Total checkouts Full call number Barcode Date last seen Copy number Price effective from Koha item type
        Dr. Suryya Kumar Bhuyan Library Dr. Suryya Kumar Bhuyan Library 01/02/2012 00000   370.195 ka 16 Co 835/Edn 13/01/2024 2 01/02/2012 Books
        Dr. Suryya Kumar Bhuyan Library Dr. Suryya Kumar Bhuyan Library 01/02/2012 00000   370.195 ka 16 Co 546/Edn 13/01/2024 1 01/02/2012 Books

Designed and Maintained by Team SKBL
©1901-2026

Powered by Koha